Stage Wins by Country in the Tour de France - Statistics

General Stats
  • This quiz has been taken 246 times
    230 since last reset
  • The average score is 27 of 33
Answer Stats
Number Country % Correct
705 France
99%
129 Spain
99%
69 United Kingdom
99%
268 Italy
98%
471 Belgium
97%
174 Netherlands
97%
18 United States
97%
88 Germany
93%
19 Denmark
92%
70 Luxembourg
92%
11 Russia
90%
12 Portugal
89%
60 Switzerland
89%
30 Australia
88%
18 Norway
88%
1 Sweden
87%
4 Austria
86%
19 Colombia
86%
12 Ireland
86%
5 Poland
84%
2 Slovenia
84%
1 Canada
83%
12 Slovakia
78%
3 Czech Republic
69%
2 Mexico
67%
4 Ukraine
61%
1 South Africa
60%
1 Brazil
59%
2 Latvia
59%
4 Estonia
57%
1 Lithuania
57%
5 Kazakhstan
56%
9 Uzbekistan
35%
No matching quizzes found
Score Distribution
Percent of People with Each Score
Percentile by Number Answered
Your Score History
You have not taken this quiz since the last reset